00461nam a2200169Ia 4500999001700000003000400017005001700021008004100038040000900079082002200088100002600110245003900136260004400175300000800219650001400227942005000241 c28387d28387OSt20201231131923.0190216s9999||||xx |||||||||||||| ||und|| coclc a894.812301bABO/A aAboobacker, K P94602 0aAalillatha Veedu /cK P Aboobacker bPoorna Publications,aKozhikode:c2002. a60p aMalayalam cBK2ddch894.812301iABO/Ak894.812301mABO/A